| 000 | 00398nam a2200145 a 4500 | ||
|---|---|---|---|
| 001 | 816 | ||
| 003 | CDMR | ||
| 005 | 20130221173448.0 | ||
| 008 | 130130s1973||||||||||||||||||||||||||||d | ||
| 040 |
_aCDMR _bcat _cCDMR |
||
| 100 | 1 |
_aÁlvarez Moline, Emilio _9643 |
|
| 245 | 1 | 4 |
_aEl "Diario de Barcelona" durante la ocupación francesa... _cEmilio Alvarez Moline |
| 260 |
_aBarcelona _c1973 |
||
| 942 |
_cTSN _2ddc |
||
| 999 |
_c816 _d816 |
||